Responses for Show #1651 - Monday, November 4, 1991

1991 Tournament of Champions quarterfinal game 1.

Contestants

[<< previous game]

Lou Pryor, a lawyer and Seniors Tournament winner from New Canaan, Connecticut

John LeDonne, a bookbuyer from Arlington, Massachusetts

Leslie Frates, a Spanish teacher from Hayward, California

[next game >>]

Jeopardy! Round responses

LONDON LANDMARKS
6-LETTER WORDS
1991 FILMS
ROCKET SCIENCE
NEWSPAPERS
MISCELLANEOUS
    $100 16
St. Paul's Cathedral

Lou
    $100 1
Hermit

John
    $100 2
(Lou: What is Soap?)

Soapdish

LeslieLou
    $100 19
China

Lou
    $100 4
USA Today

Leslie
    $100 12
New Kids on the Block

Leslie
    $200 20
Piccadilly Circus

Lou
    $200 3
Bovine

Lou
    $200 6
Backdraft

John
    $200 22
Boosters

Lou
    $200 14
The Washington Post

Lou
    $200 13
"Speak softly and carry a big stick"

Lou
    $300 21
Crown Jewels

John
    $300 5
Canopy

John
    $300 7
Regarding Henry

John
    $300 28
V-2 rockets

John
    $300 15
La Prensa

Leslie
    $300 25
Bikini

John
    $400 23
(Alex: And we have a minute to go.)

House of Parliament

Lou
    $400 10
Mousse

John
    $400 8
Richard Dreyfuss

John
    $400 27
Bazooka

Lou
    $600 17
The New York Times

Lou
    $500 24
Bond Street

Lou
    $500 11
Yeoman

John
    $500 9
Guilty by Suspicion

Triple Stumper
    $500 26
Retrorockets

Lou
    $500 18
The Daily Worker

John
    $500 29
[The end-of-round signal sounds.]

4

Leslie

Scores at the first commercial break (after clue 13):

Leslie John Lou
$300 $2,200 $300

Scores at the end of the Jeopardy! Round:

Leslie John Lou
$1,100 $3,600 $3,500

Double Jeopardy! Round responses

U.S . GOVERNMENT
AUTHORS FROM GEORGIA
COUNTRIES OF THE WORLD
RELIGIOUS LEADERS
THE 16th CENTURY
ZOOLOGY
    $200 2
Patent Office

Leslie
    $200 13
Civil War

Leslie
    $200 1
Japan

John
    $200 26
Confucius

Leslie
    $200 12
Spanish Armada

Lou
    $200 7
Tusks

Leslie
    $400 22
Voice of America

Leslie
    $400 18
Library of Congress

Lou
    $400 3
Netherlands/Holland

Lou
    $400 27
Mary Baker Eddy

Lou
    $400 14
Anatomy

Triple Stumper
    $400 8
Squirrel

Leslie
    $600 23
Nuclear Regulatory Commission

Leslie
    $600 19
Margaret Mitchell

Leslie
    $600 4
Czechoslovakia

Leslie
    $600 28
Black Muslims

Lou
    $600 15
Hernando Cortes

Leslie
    $600 9
(John: What is felt?)

velvet

LeslieJohn
    $800 24
NASA

Leslie
    $800 20
Erskine Caldwell

John
    $800 5
Tunisia

Leslie
    $800 29
John Wesley

Lou
    $1,600 16
Cardinal Thomas Wolsey

Leslie
    $800 10
Estivate (sleep during the summer)

Leslie
    $1000 25
(Alex: One minute to go.)

the Department of Transportation

Triple Stumper
    $1000 21
Carson McCullers

Lou
    $2,000 6
Colombia & Costa Rica

Leslie
    $1000 30
William Booth

Lou
    $1000 17
Raphael

Leslie
    $1000 11
(Leslie: What is the macaque?)
(John: What is the macaw?)

marmosets or mandrills

LeslieJohn
Triple Stumper

Scores at the end of the Double Jeopardy! Round:

Leslie John Lou
$11,700 $3,000 $8,300

Final Jeopardy! Round responses

ANCIENT LITERATURE
JohnWho is Cicero?
$3,000
LouWho is Cicero?
$1,701
LeslieWho is Cicero?
$1,300
Cicero

Final scores:

Leslie John Lou
$13,000 $6,000 $10,001
Automatic semifinalist 3rd place: $1,000 if eliminated + Jeopardy! 25th Anniversary home game or computer version 2nd place: $1,000 if eliminated + Jeopardy! 25th Anniversary home game or computer version

Game dynamics:

Coryat scores:

Leslie John Lou
$9,900 $3,000 $8,100
22 R
(including 2 DDs),
1 W
13 R,
2 W
20 R
(including 1 DD),
1 W

Combined Coryat: $21,000

[game clues] [game scores] [suggest correction]

Game tape date: 1991-10-14
The J! Archive is created by fans, for fans. Scraping, republication, monetization, and malicious use prohibited; this site may use cookies and collect identifying information. See terms. The Jeopardy! game show and all elements thereof, including but not limited to copyright and trademark thereto, are the property of Jeopardy Productions, Inc. and are protected under law. This website is not affiliated with, sponsored by, or operated by Jeopardy Productions, Inc. Join the discussion at JBoard.tv.